Quizzes
Events
Quiz Creation
Community
Videos
Private Events
Remove Ads
Sign In
Join for FREE
Feedback
Dark Mode
Quiz Categories
Sports
Geography
Music
Movies
Television
Just For Fun
Miscellaneous
History
Literature
Language
Science
Gaming
Entertainment
Religion
Holiday
For Kids
Quiz Lab
Recent
Popular Today
Quiz Kudos Today
Editor Picks
Curator Picks
Quizzes by...
Day
Popularity
Type
Ratings
Length
Year
Community
Subscriptions
Recent Discussions
Orange Saloon
Badges
Playlists
Quests
Create
Leaderboards
Showdown
Live 5
Trivia Bingo
Activity
Puzzle Library
Sporcle Events
Private Events
Virtual Trivia
Globe League
Become a Host
Pub Owners
SporcleCon
Opinionation
Our Games
Videos
Blog
Mobile Apps
Partnerships
Remove Ads and Go Orange
Feedback
Miscellaneous
Crossword
General Knowledge
Baby Names
Logo
Food
Cars
Numbers
Grab Bag
University
College
Popular
Company
Slogans
Restaurants
Justice
Letter
Miscellaneous
Crossword
General Knowledge
Baby Names
Logo
Food
Cars
Numbers
Grab Bag
University
College
Popular
Company
Slogans
Restaurants
Justice
Letter
Random Quiz
Search Sporcle
×
Quiz Lab
Quiz Lab
Miscellaneous
Art
Type in answers that appear in a list
Type in answers that appear in a list
Classic
Best Score? Go Orange.
Art History Final Test Review #4 Stats
Can you name the Art History Final Test Review #4?
By
danidonovan
15m
28 Questions
4 Plays
4 Plays
4 Plays
Comments
Comments
Give Quiz Kudos
Give Quiz Kudos
-
- Ratings
hide this ad
Forced Order
Answers have to be entered in order
Answers have to be entered in order
Random Order
Randomize order of answers
Randomize order of answers
Replay
Link that replays current quiz
Next Quiz
Link to next quiz in quiz playlist
You Got
0%
They Got
Avg Score
46%
Avg Friend Score
Upgrade to see
Score Distribution
Jump to the score distribution portion of the page
Score
0/28
Timer
15:00
0
Plays Today
Question
Answer
% Correct
Picture 17 is an example of a
Signature window
75%
Abbott Suger remodeled the church of Saint Denis to emphasize?
Geometry and light
50%
Gothic architecture used what to help height?
Pointed arches, ribbed groin vaults, butresses
50%
Identify Picture 1
Notre Dame
50%
Identify Picture 2
Chartres Cathedral
50%
Identify Picture 4
Amiens Cathedral
50%
Identify Picture 5
Reims Cathedral
50%
Picture 6 is an example of what?
Fan vaulting
50%
What kind of gothic is Picture 7?
German
50%
Picture 8/
striated marble = what kind of Gothic?
Italian
50%
Identify Picture 9
Milan Cathedral
50%
Picture 10 shows a recessed portal/
tympanum/
jambs from
Chartres Cathedral
50%
Picture 11?
Elegant, severe, classicizing
50%
Picture 12
Tomb of Edward II
50%
Question
Answer
% Correct
Picture 13
Rottgen Pieta
50%
Picture 14
The Moses Well
50%
Picture 15 was made by
Nicola Pisano
50%
Picture 16 was made by
Nicholas of Verdun
50%
Picture 18 is a calendar page from the
Limbourg brothers
50%
Gothic painting was?
Orderly and compartmentalized
50%
Byzantine influence on Italian paintings such as Picture 19?
Gold background, not naturalistic
50%
Picture 20 was by?
Cimabue
50%
Picture 21 was by?
Duccio
50%
What's happening in Picture 22?
The Black Plague
50%
Picture 23?
Doge's Palace
50%
Identify Picture 3
Sainte-Chappelle
25%
How did Suger achieve his goals?
Extreme height, groin vaulting
0%
Picture 24 and 25 were by?
Giotto de Bondone
0%
Quiz Playlist
Details
Report
Send in Message
Add To Playlist
Classic:
Type in answers that appear in a list
Forced Order:
Answers have to be entered in order
Random Order:
Randomize order of answers
Last Updated: Feb 16, 2017
Quiz Scoreboard
CHALLENGE
Sign Up to Join the Scoreboard
Show All
Scores
Hide
Comments
May contain spoilers
Recently Published
Movies - When Are They Set?
by FPL_Elf
Movies
5m
Popular People in 1961
by mucciniale
History
6m
1-10 Letter E Words III
by El_Dandy
Language
2m
More to Explore
Quiz From the Vault
Featured Blog Post
Where Did the Easter Bunny Come From?
hide this ad
You Might Also Like...
Tags
Art Quiz
Art History
final
Review
test
Today's Top Quizzes in Miscellaneous
Browse Miscellaneous
hide this ad
Today's Top Quizzes in Art
Browse Art
Top Contributed Quizzes in Miscellaneous
1
The JOE quick-fire general knowledge quiz: Day 173
2
The JOE quick-fire general knowledge quiz: Day 172
3
5-to-1: Fast Food
4
Sunday Crossword: Famous Bodies of Water
5
The JOE quick-fire general knowledge quiz: Day 171
6
One Thing in Common: United Kingdom II
7
Named After an Animal - Odd One Out!
8
sort kpop groups by number of members
9
The JOE quick-fire quiz: Day 170
10
Sunday Crossword: Themeless #5
Explore More
Trending Topics
Kpop
NBA
Crossword
Marvel
Harry Potter
Disney
Anime
The Office
WWE
Pokémon
Puzzle
NFL
Country
Soccer
Song
hide this ad
More By:
danidonovan
Quiz
Plays
Rating
Category
Featured
Created
Art History Final Test Review Ch. 1-3
31
Miscellaneous
Dec 8, 2010
Art History Final Test Review #2
24
Miscellaneous
Dec 9, 2010
Art History Final Test Review #3
12
1.00
Miscellaneous
Dec 13, 2010
Art History Final Test Review #4
4
Miscellaneous
Dec 14, 2010
Go to Creator's Profile
Score Distribution
Quiz Creator Spotlight
danidonovan
Follow
Send a Message
Quizzes Created
-
Created Quiz Play Count
-
More By This Creator
Popular Quizzes Today
1
Find the Countries of Europe - No Outlines Minefield
2
Find the US States - No Outlines Minefield
3
The Countries of the World
4
Popular People in 1961
5
1-10 Letter E Words III
6
US States
7
Find the US States
8
One Thing in Common: World Cities II
More Miscellaneous Quizzes
S'Mores Ingredients
Published
Trending Quizzes
Risky Map Clicking: Least Populous States A-Z
Humor Books: The Subtitles
1-10 Letter F Words
1-10 Letter G Words
One Thing in Common: United Kingdom
Recently Updated
Leaping Animals
pecheneg
Reality TV Shows (A-Z)
bhenderson79
Rickey Henderson's Hall of Fame Teammates
pecheneg
Champions League XIs: Arsenal
pecheneg
Quick Pick: Celebrities in WWE's Hall of Fame
aduchscher
A-Z Keypad Blitz II
pecheneg
Multiple Oscar Actors
pecheneg
Mystery Phrase Blitz: Oscar 'Best Actors'
pecheneg
F. Scott Fitzgerald Novels
LTH
Pick 3 Villains
ddd62291
Trending Topics
NBA
Marvel
Kpop
Harry Potter
Anime
Disney
Crossword
Puzzle
Soccer
NFL
The Office
Country
WWE
Song
Pokémon
Your Account Isn't Verified!
In order to create a playlist on Sporcle, you need to verify the email address you used during registration. Go to your
Sporcle Settings
to finish the process.
Report this User
Report this user for behavior that violates our
Community Guidelines
.
Details:
Send Report
Go to the Sporcle.com Mobile Site →
Comments